000 00365nam a2200145Ia 4500
008 100122s9999 xx 000 0 und d
082 _b11424
_a50
245 _aमहानगर
300 _a42
520 _aदिवाळी - 2003
620 _aदिवाळी - 2003
630 _aमहानगर
730 _aमहानगर
942 _cBOOK
999 _c384943
_d384940